<The> Analytic hierarchy process for the decision tree with multiple criteria
V bežnej poľnohospodárskej praxi je pre voľbu najvýhodnejšieho rozhodnutia veľmi dôležitá formalizácia celého rozhodovacieho procesu pomocou systémovej analýzy a matematických metód. Teória rozhodovania za neistoty a za rizika predpokladá jediné rozhodovacie kritérium. Najlepšie rozhodnutie je však...
Guardado en:
| Autor principal: | |
|---|---|
| Formato: | Capítulo de libro |
| Lenguaje: | inglés |
| Materias: | |
| Etiquetas: |
Sin Etiquetas, Sea el primero en etiquetar este registro!
|
MARC
| LEADER | 00000naa$a2200000$$$4500 | ||
|---|---|---|---|
| 001 | 0007159 | ||
| 005 | 20231113140126.2 | ||
| 041 | 0 | |a eng | |
| 044 | |a CZ | ||
| 245 | 1 | 0 | |a <The> Analytic hierarchy process for the decision tree with multiple criteria |c aut. Helena Brožová |
| 520 | |a V bežnej poľnohospodárskej praxi je pre voľbu najvýhodnejšieho rozhodnutia veľmi dôležitá formalizácia celého rozhodovacieho procesu pomocou systémovej analýzy a matematických metód. Teória rozhodovania za neistoty a za rizika predpokladá jediné rozhodovacie kritérium. Najlepšie rozhodnutie je však často vyberané podľa viacerých kritérií. V článku je ukázané využitie analytického hierarchického procesu (AHP) pre riešenie takého viackriteriálneho rozhodovacieho problému. | ||
| 610 | 2 | 0 | |a rozhodovanie viackriteriálne |
| 610 | 2 | 0 | |a procesy rozhodovacie |
| 610 | 2 | 0 | |a analýza rozhodovacia |
| 610 | 2 | 0 | |a rozhodovanie za neurčitosti |
| 610 | 2 | 0 | |a teória rozhodovania |
| 610 | 2 | 0 | |a metodológia |
| 100 | 1 | |a Brožová, Helena | |